000 00358nam a2200157Ia 4500
008 210210b1954 xxu||||| |||| 00| 0 eng d
041 _aeng
082 _a869/15
100 _aNAGAR (Amrithlal)
245 _aNavabi masnaD
260 _aBanAras
_bKitab mahal
_c1954
650 _aNavabi
650 _amasnaD
690 _aHindi Fiction
906 _a023814
999 _c148779
_d148779